[Event "XXV Weekend Magistrale"]
[Site "Robecchetto con Induno ITA"]
[Date "2014.12.29"]
[Round "5"]
[White "Vitale, Alessandro"]
[Black "Guidi, Maurizio"]
[WhiteElo "1882"]
[BlackElo "2043"]
[Result "0-1"]
[PlyCount "88"]
[EventDate "2014.12.26"]

1. f4 Nf6 2. Nf3 g6 3. e3 Bg7 4. d4 d5 5. Bd3 O-O 6. O-O c5 7. c3 b6 8. Qe2 Bf5
9. Bxf5 gxf5 10. Bd2 Ne4 11. Be1 Bf6 12. Ne5 Nd7 13. Rf3 Bg7 14. Bh4 Ndf6 15.
Nd2 Nxd2 16. Qxd2 Ne4 17. Qe2 Qd6 18. Raf1 cxd4 19. exd4 b5 20. Nd3 a5 21. Nf2
b4 22. Nxe4 fxe4 23. Rh3 f5 24. Qh5 Qg6 25. Qxg6 hxg6 26. Bxe7 Rf7 27. Bc5 bxc3
28. Rxc3 Rb8 29. Rb1 Rfb7 30. b3 Rb4 31. Bxb4 axb4 32. Rc7 Bxd4+ 33. Kf1 Bc3
34. a4 d4 35. Rc1 d3 36. R1xc3 bxc3 37. Rxc3 Rd8 38. Rc1 e3 39. Ra1 Rc8 40. Ke1
Rc2 41. Rd1 Re2+ 42. Kf1 Rf2+ 43. Kg1 e2 44. Re1 Rxf4 0-1

[Event "XXV Weekend Magistrale"]
[Site "Robecchetto con Induno ITA"]
[Date "2014.12.29"]
[Round "6"]
[White "Angelini, Marco"]
[Black "Boschetti, Claudio"]
[WhiteElo "2216"]
[BlackElo "2140"]
[Result "1/2-1/2"]
[PlyCount "79"]
[EventDate "2014.12.26"]

1. c4 c5 2. g3 e5 3. Nc3 Nc6 4. Bg2 d6 5. Nf3 g6 6. O-O Bg7 7. d3 Nge7 8. a3
O-O 9. Rb1 f5 10. Bd2 h6 11. b4 g5 12. Ne1 Rb8 13. Nd5 Bd7 14. e3 Nxd5 15.
Bxd5+ Kh8 16. bxc5 dxc5 17. Ng2 b6 18. f4 exf4 19. gxf4 g4 20. Qc2 Qf6 21. Bc1
h5 22. Bb2 Qe7 23. Bxg7+ Kxg7 24. Qf2 Rbe8 25. Rbe1 Qf6 26. Qh4 Qxh4 27. Nxh4
Ne7 28. e4 Ng6 29. Nxg6 Kxg6 30. e5 Be6 31. Kf2 Kf7 32. d4 cxd4 33. Rd1 Bxd5
34. cxd5 Rc8 35. Rxd4 Rc2+ 36. Kg1 Rfc8 37. Re1 Ra2 38. e6+ Kg7 39. e7 Rcc2 40.
e8=Q 1/2-1/2

[Event "XXV Weekend Magistrale"]
[Site "Robecchetto con Induno ITA"]
[Date "2014.12.29"]
[Round "6"]
[White "Barlocco, Carlo"]
[Black "Tagliaferri, Valerio"]
[WhiteElo "2028"]
[BlackElo "1850"]
[Result "1-0"]
[PlyCount "51"]
[EventDate "2014.12.26"]

1. d4 Nf6 2. Nf3 e6 3. Bg5 h6 4. Bxf6 Qxf6 5. e4 b6 6. Bd3 Bb7 7. O-O d6 8.
Nbd2 Nd7 9. c3 Qd8 10. a4 a5 11. Re1 e5 12. Nc4 Qf6 13. Qb3 Ba6 14. Rad1 Bxc4
15. Qxc4 c5 16. Qd5 Ra7 17. Bb5 Qe6 18. dxe5 Qxd5 19. Rxd5 Kd8 20. exd6 g6 21.
e5 Bg7 22. e6 fxe6 23. Rxe6 Nf6 24. Rd3 Rf8 25. Re7 Bh8 26. Rxa7 1-0

[Event "XXV Weekend Magistrale"]
[Site "Robecchetto con Induno ITA"]
[Date "2014.12.29"]
[Round "6"]
[White "Briata, Federico"]
[Black "Soncin, Denis"]
[WhiteElo "2041"]
[BlackElo "2034"]
[Result "0-1"]
[PlyCount "56"]
[EventDate "2014.12.26"]

1. e4 c5 2. Nf3 a6 3. c4 Nc6 4. d4 cxd4 5. Nxd4 d6 6. Nc3 Nf6 7. Be2 e6 8. O-O
Be7 9. b3 O-O 10. Bb2 Bd7 11. Nc2 Qc7 12. Rc1 Rad8 13. Ne3 Rfe8 14. Kh1 Bc8 15.
f4 b6 16. Bf3 Bb7 17. g3 Qb8 18. Qd2 Qa8 19. Rcd1 Nb4 20. Qg2 Bf8 21. g4 d5 22.
exd5 exd5 23. Nexd5 Nfxd5 24. Bxd5 Rxd5 25. Rxd5 b5 26. Rfd1 bxc4 27. bxc4 Qc8
28. Rc1 Qxc4 0-1

[Event "XXV Weekend Magistrale"]
[Site "Robecchetto con Induno ITA"]
[Date "2014.12.29"]
[Round "6"]
[White "Coppola, Federico"]
[Black "Rossini, Fulvio"]
[WhiteElo "2087"]
[BlackElo "1978"]
[Result "1-0"]
[PlyCount "57"]
[EventDate "2014.12.26"]

1. Nf3 g6 2. d4 Nf6 3. c4 Bg7 4. g3 O-O 5. Bg2 d6 6. O-O Nc6 7. Nc3 Bf5 8. d5
Na5 9. Nd4 Bd7 10. Qd3 c5 11. Nc2 Rb8 12. Rb1 a6 13. b3 b5 14. Bd2 Qc7 15. Ne3
Rb7 16. cxb5 Bxb5 17. Nxb5 Rxb5 18. a4 Rbb8 19. Rfc1 Nd7 20. b4 Nb7 21. Qxa6
Ra8 22. Qc6 Rfc8 23. a5 Ne5 24. Qxc7 Rxc7 25. b5 Rxa5 26. b6 Rc8 27. Bxa5 Nxa5
28. b7 Rb8 29. Rb5 1-0

[Event "XXV Weekend Magistrale"]
[Site "Robecchetto con Induno ITA"]
[Date "2014.12.29"]
[Round "6"]
[White "Di Chiara, Mauro"]
[Black "Pirrello, Christian"]
[WhiteElo "1924"]
[BlackElo "1862"]
[Result "1-0"]
[PlyCount "107"]
[EventDate "2014.12.26"]

1. d4 Nf6 2. Nf3 g6 3. c4 Bg7 4. Nc3 O-O 5. e4 d6 6. Be2 e5 7. O-O Nc6 8. d5
Ne7 9. Ne1 Ne8 10. Be3 f5 11. f3 f4 12. Bf2 g5 13. c5 Rf6 14. a4 Rg6 15. a5 h5
16. cxd6 cxd6 17. Nb5 a6 18. Bb6 Qd7 19. Na7 g4 20. Nxc8 Rxc8 21. Qa4 Qxa4 22.
Rxa4 g3 23. h3 Rc1 24. Nd3 Rc2 25. Re1 Nc8 26. Kf1 Rf6 27. Bd8 Rf7 28. Rc1
Rxc1+ 29. Nxc1 Rd7 30. Bb6 Kf8 31. Rc4 Nxb6 32. axb6 Ke7 33. Rc8 Rd8 34. Rc3
Kd7 35. Bd1 Ke7 36. Nb3 Rd7 37. Na5 Kd8 38. Ba4 Re7 39. Bxe8 Kxe8 40. Rc8+ Kd7
41. Rc7+ Ke8 42. Rxe7+ Kxe7 43. Nxb7 Kd7 44. Ke2 Bf6 45. Kd3 Kc8 46. Na5 Be7
47. Nc4 Kb7 48. Kc3 Bf8 49. Kb4 Be7 50. Ka5 Bf8 51. b4 Be7 52. b5 axb5 53. Kxb5
Bf8 54. Na5+ 1-0

[Event "XXV Weekend Magistrale"]
[Site "Robecchetto con Induno ITA"]
[Date "2014.12.29"]
[Round "6"]
[White "Guidi, Maurizio"]
[Black "Sbarra, Marco"]
[WhiteElo "2043"]
[BlackElo "2191"]
[Result "0-1"]
[PlyCount "46"]
[EventDate "2014.12.26"]

1. d4 Nf6 2. Nf3 d5 3. Bg5 e6 4. e3 Nbd7 5. Bd3 c5 6. c3 Bd6 7. Nbd2 Qc7 8. O-O
h6 9. Bh4 O-O 10. e4 dxe4 11. Nxe4 Nxe4 12. Bxe4 f5 13. Bc2 g5 14. Bxg5 hxg5
15. Nxg5 Nf6 16. Re1 Bxh2+ 17. Kf1 Ng4 18. Qe2 Rf6 19. Ne4 Rh6 20. Nxc5 Bd6 21.
Qb5 Bxc5 22. Qxc5 Qf4 23. d5 b6 0-1

[Event "XXV Weekend Magistrale"]
[Site "Robecchetto con Induno ITA"]
[Date "2014.12.29"]
[Round "6"]
[White "Linder, Oliver"]
[Black "Tinelli, Fulvio"]
[WhiteElo "1985"]
[BlackElo "1923"]
[Result "1/2-1/2"]
[PlyCount "43"]
[EventDate "2014.12.26"]

1. d4 d5 2. Nf3 Nf6 3. Bf4 Bf5 4. c4 c6 5. Qb3 Qb6 6. c5 Qxb3 7. axb3 Nbd7 8.
b4 Bxb1 9. Rxb1 g6 10. h3 Bg7 11. e3 a6 12. Be2 O-O 13. O-O Ne4 14. Ra1 Rfe8
15. Rfe1 e5 16. Bh2 Re7 17. b5 cxb5 18. Bxb5 exd4 19. exd4 Nb8 20. Ba4 Nc6 21.
Bxc6 bxc6 22. Ne5 1/2-1/2

[Event "XXV Weekend Magistrale"]
[Site "Robecchetto con Induno ITA"]
[Date "2014.12.29"]
[Round "6"]
[White "Medici, Simone"]
[Black "Nemeth, Zoltan"]
[WhiteElo "2082"]
[BlackElo "2312"]
[Result "0-1"]
[PlyCount "134"]
[EventDate "2014.12.26"]

1. d4 d5 2. Nf3 e6 3. Bf4 Bd6 4. g3 Nf6 5. Nbd2 O-O 6. e3 b6 7. Bd3 Ba6 8. Qe2
Bxd3 9. Qxd3 c5 10. c3 Bxf4 11. gxf4 cxd4 12. cxd4 Qc8 13. Ne5 Qa6 14. Qxa6
Nxa6 15. Rc1 Rfc8 16. Ke2 Ne8 17. Nd3 Nd6 18. Rxc8+ Rxc8 19. Rc1 Rxc1 20. Nxc1
f6 21. Nd3 Kf7 22. f3 Nb8 23. Ne1 Nc6 24. Nc2 Kg6 25. Ne1 Kh5 26. Ng2 Nb4 27.
a3 Nc6 28. Kd3 Nf5 29. Nf1 Nd6 30. Ng3+ Kg6 31. f5+ Nxf5 32. Nf4+ Kf7 33. Nxf5
exf5 34. Nxd5 g5 35. Kc4 h5 36. Kb5 Ne7 37. Nc3 g4 38. fxg4 fxg4 39. d5 Nf5 40.
Ne4 Nxe3 41. d6 Ke6 42. d7 Kxd7 43. Nxf6+ Kc7 44. Nxh5 Nf1 45. Ka6 Kb8 46. b4
Nxh2 47. Ng3 Nf3 48. a4 Nd4 49. a5 b5 50. Nh5 Kc7 51. Ng3 Kc6 52. Kxa7 Nc2 53.
a6 Nxb4 54. Ne2 Kc7 55. Nd4 Nc6+ 56. Nxc6 g3 57. Nd4 g2 58. Nxb5+ Kd7 59. Kb7
g1=Q 60. a7 Qg2+ 61. Kb8 Qg8+ 62. Kb7 Qd5+ 63. Kb6 Qc6+ 64. Ka5 Qb7 65. Ka4 Kc6
66. Nd4+ Kd5 67. Nb5 Kc5 0-1

[Event "XXV Weekend Magistrale"]
[Site "Robecchetto con Induno ITA"]
[Date "2014.12.29"]
[Round "6"]
[White "Miracola, Giorgia"]
[Black "Bianchi, Alberto"]
[WhiteElo "1856"]
[BlackElo "1924"]
[Result "1-0"]
[PlyCount "91"]
[EventDate "2014.12.26"]

1. e4 e5 2. Nf3 Nc6 3. Bc4 Be7 4. O-O Nf6 5. Re1 O-O 6. c3 d6 7. h3 Na5 8. Bb5
a6 9. Ba4 b5 10. Bc2 Nc4 11. d4 Nd7 12. Nbd2 Ncb6 13. Nf1 Bf6 14. Ng3 g6 15.
Bh6 Bg7 16. Bxg7 Kxg7 17. Qd3 Qe7 18. b3 c5 19. a4 c4 20. bxc4 bxc4 21. Qd2 a5
22. Rab1 Ba6 23. Nh2 h5 24. f4 Qh4 25. Ne2 Rab8 26. Nf3 Qe7 27. f5 f6 28. Nh4
g5 29. Ng6 Qd8 30. Nxf8 Qxf8 31. Red1 Qe7 32. dxe5 dxe5 33. Qd6 Qxd6 34. Rxd6
Kf7 35. Ng3 h4 36. Nf1 Ke7 37. Re6+ Kd8 38. Ne3 Rb7 39. Ng4 Kc7 40. Nxf6 Nc5
41. Ne8+ Kd7 42. Rexb6 Kxe8 43. Rxb7 Bxb7 44. Rb5 Bxe4 45. Bxe4 Nxe4 46. Rxe5+
1-0

[Event "XXV Weekend Magistrale"]
[Site "Robecchetto con Induno ITA"]
[Date "2014.12.29"]
[Round "6"]
[White "Motola, Jacopo"]
[Black "Montilli, Vincenzo"]
[WhiteElo "2069"]
[BlackElo "2121"]
[Result "1/2-1/2"]
[PlyCount "38"]
[EventDate "2014.12.26"]

1. e4 e6 2. d4 d5 3. Nc3 Nf6 4. e5 Nfd7 5. Nf3 c5 6. dxc5 Nc6 7. Bf4 Bxc5 8.
Bd3 a6 9. O-O h6 10. h4 O-O 11. h5 f6 12. exf6 Qxf6 13. Bg3 Nde5 14. Nxe5 Nxe5
15. Be2 Kh8 16. Kh2 Nc6 17. Bg4 Bd4 18. Qd2 b5 19. Rae1 Ne5 1/2-1/2

[Event "XXV Weekend Magistrale"]
[Site "Robecchetto con Induno ITA"]
[Date "2014.12.29"]
[Round "6"]
[White "Paleologu, Vladimir"]
[Black "Mouflih, Caesar Faycal"]
[WhiteElo "2158"]
[BlackElo "2023"]
[Result "1/2-1/2"]
[PlyCount "112"]
[EventDate "2014.12.26"]

1. e4 e5 2. Nf3 Nc6 3. Bc4 Bc5 4. Qe2 Nf6 5. d3 d6 6. c3 Bb6 7. Bb3 Ne7 8. Nbd2
c6 9. h3 Ng6 10. g3 Be6 11. Nc4 Bc7 12. Ng5 Bxc4 13. Bxc4 O-O 14. h4 d5 15. Bb3
h6 16. Nh3 Qd7 17. Bd2 b5 18. O-O-O a5 19. f3 a4 20. Bc2 Rfb8 21. g4 Nxh4 22.
g5 hxg5 23. Nxg5 Ng6 24. Qh2 Kf8 25. a3 Ke7 26. Rhg1 Rh8 27. Qg2 Nh4 28. Qg3
Rag8 29. Rde1 Kd8 30. Qf2 Rf8 31. Bb1 Kc8 32. Ba2 Kb7 33. exd5 Nxd5 34. Ne4 Bb6
35. d4 Nf5 36. Rg5 f6 37. Rxf5 Ka7 38. Qg2 Qxf5 39. Qxg7+ Nc7 40. dxe5 fxe5 41.
Nd6 Qf6 42. Nc8+ Kb7 43. Qxf6 Rxf6 44. Nxb6 Kxb6 45. Be3+ c5 46. Rd1 Rh3 47.
Bg5 Rg6 48. f4 c4 49. Bb1 Rg8 50. Rd6+ Kb7 51. Be4+ Ka7 52. Rd7 Kb8 53. Kb1 Re3
54. Bc6 Rd3 55. Rh7 Rd6 56. Bf3 Rdg6 1/2-1/2

[Event "XXV Weekend Magistrale"]
[Site "Robecchetto con Induno ITA"]
[Date "2014.12.29"]
[Round "6"]
[White "Ranfagni, Stefano"]
[Black "Ubezio, Marco"]
[WhiteElo "2016"]
[BlackElo "2090"]
[Result "0-1"]
[PlyCount "96"]
[EventDate "2014.12.26"]

1. e4 e5 2. Nf3 Nc6 3. Bb5 Bc5 4. c3 Nf6 5. Qe2 O-O 6. O-O Re8 7. Rd1 a6 8. Ba4
b5 9. Bb3 h6 10. d3 d6 11. h3 Ba7 12. Nbd2 Be6 13. Nf1 Ne7 14. Bxe6 fxe6 15. d4
exd4 16. cxd4 Ng6 17. Ng3 d5 18. e5 Nh7 19. Be3 Rf8 20. Qc2 Ne7 21. Rac1 Bb6
22. Nh4 Qe8 23. f4 g5 24. fxg5 hxg5 25. Nf3 Qg6 26. Qxg6+ Nxg6 27. Nxg5 Nxg5
28. Bxg5 Nxe5 29. Kh1 Nc4 30. b3 Nd6 31. Rc2 Rf7 32. Re2 Re8 33. h4 c5 34. Rde1
Ba5 35. Bd2 Bxd2 36. Rxd2 c4 37. bxc4 dxc4 38. Rde2 Rf4 39. h5 Rxd4 40. Rxe6
Rxe6 41. Rxe6 c3 42. Ne2 c2 43. Kh2 b4 44. h6 a5 45. Re7 Re4 46. Rxe4 Nxe4 47.
g4 Nc3 48. Nc1 Nxa2 0-1

[Event "XXV Weekend Magistrale"]
[Site "Robecchetto con Induno ITA"]
[Date "2014.12.29"]
[Round "6"]
[White "Ventura, Salvatore"]
[Black "Quirico, Paolo"]
[WhiteElo "2049"]
[BlackElo "2114"]
[Result "1-0"]
[PlyCount "55"]
[EventDate "2014.12.26"]

1. c4 f5 2. g3 Nf6 3. Bg2 d6 4. Nf3 g6 5. Nc3 Bg7 6. O-O O-O 7. d4 c6 8. Rb1 a5
9. a3 Qe8 10. d5 Na6 11. Ng5 Nc7 12. b4 h6 13. Nh3 Ng4 14. Na4 Ra6 15. dxc6
bxc6 16. b5 cxb5 17. cxb5 Bd7 18. bxa6 Bxa4 19. Qd2 Nxa6 20. Nf4 Nc5 21. Qxa5
Ne5 22. Bd5+ Kh7 23. Ne6 Nxe6 24. Bxe6 Bc2 25. Rb7 Nc6 26. Qd2 Nd4 27. Bd5 Ba4
28. Bb2 1-0

[Event "LIX C.to Torinese Assoluto Finale"]
[Site "SST"]
[Date "2014.11.03"]
[Round "1"]
[White "Barletta, Mauro"]
[Black "Davi, Alessandro"]
[WhiteElo "2186"]
[BlackElo "2118"]
[Result "1/2-1/2"]
[PlyCount "85"]
[EventDate "2014.11.03"]

1. b3 d5 2. Bb2 Nf6 3. e3 c5 4. f4 Nc6 5. Bb5 g6 6. Nf3 Bg4 7. h3 Bxf3 8. Qxf3
Bg7 9. c4 O-O 10. cxd5 Nb4 11. Na3 a6 12. Be2 Qxd5 13. Qxd5 Nbxd5 14. Nc4 Rfd8
15. O-O Rac8 16. Bf3 b5 17. Na5 c4 18. bxc4 bxc4 19. Rac1 c3 20. Bxc3 Nxc3 21.
Rxc3 Rxc3 22. dxc3 Rd3 23. c4 Rxe3 24. Rd1 Bh6 25. Rd4 e5 26. Rd8+ Kg7 27. fxe5
Rxe5 28. Nb3 Bf4 29. Kf2 Be3+ 30. Kf1 Bf4 31. Kf2 Be3+ 32. Kf1 Bf4 33. c5 Bg3
34. Be2 Ne4 35. c6 Nc3 36. Rd2 Re6 37. Nd4 Rd6 38. Bxa6 Ne4 39. Rd3 Be5 40. Nf3
Rxc6 41. Nxe5 Rxa6 42. a3 h5 43. Re3 1/2-1/2

[Event "LIX C.to Torinese Assoluto Finale"]
[Site "SST"]
[Date "2014.11.03"]
[Round "1"]
[White "Fassio, Luca"]
[Black "Gallucci, Alessio"]
[WhiteElo "2088"]
[BlackElo "2178"]
[Result "1-0"]
[PlyCount "40"]
[EventDate "2014.11.03"]

1. e4 Nc6 2. Nf3 d5 3. exd5 Qxd5 4. Nc3 Qa5 5. d4 Bg4 6. Bb5 O-O-O 7. Bxc6 bxc6
8. h3 Bh5 9. g4 Bg6 10. Ne5 Qb6 11. Qf3 Rd6 12. Nxg6 hxg6 13. Qxf7 Nf6 14. O-O
Rxh3 15. Be3 Rh4 16. f3 Nxg4 17. Qxf8+ Kb7 18. Na4 Nxe3 19. Nc5+ Qxc5 20. dxc5
Rd5 1-0

[Event "LIX C.to Torinese Assoluto Finale"]
[Site "SST"]
[Date "2014.11.03"]
[Round "1"]
[White "Pepino, Enrico"]
[Black "Melone, Antonio"]
[WhiteElo "2141"]
[BlackElo "2107"]
[Result "0-1"]
[PlyCount "102"]
[EventDate "2014.11.03"]

1. e4 c6 2. d4 d5 3. Nc3 dxe4 4. Nxe4 Nf6 5. Ng3 Bg4 6. f3 Bh5 7. Nxh5 Nxh5 8.
Be3 e6 9. c3 Be7 10. Qb3 Qc7 11. Bd3 Nd7 12. Ne2 g5 13. O-O-O Nf4 14. Bxf4 gxf4
15. g3 Nb6 16. Kb1 fxg3 17. hxg3 h5 18. Nf4 h4 19. Nxe6 fxe6 20. Qxe6 Qd6 21.
Qg4 Kf7 22. Rde1 Rag8 23. Qf5+ Qf6 24. g4 Qxf5 25. Bxf5 Kf8 26. f4 Nd5 27. Be6
Rg6 28. Bxd5 cxd5 29. g5 Bd6 30. Rhg1 Rh5 31. Kc2 Kg7 32. Ref1 h3 33. Rh1 Rh4
34. Rf3 h2 35. Re3 Bxf4 36. Re7+ Kh8 37. Rxb7 Rxg5 38. Rf7 Rg1 39. Rxf4 Rxf4
40. Rxh2+ Kg7 41. Rh5 Rf2+ 42. Kb3 Rgg2 43. Rxd5 Rxb2+ 44. Kc4 Rxa2 45. Rd7+
Kf6 46. d5 a5 47. Ra7 Rgd2 48. Kc5 a4 49. c4 a3 50. d6 Ra1 51. d7 Ke7 0-1

[Event "LIX C.to Torinese Assoluto Finale"]
[Site "SST"]
[Date "2014.11.03"]
[Round "1"]
[White "Yao, Stefano"]
[Black "Bringas Osuna, Ivan Jarek"]
[WhiteElo "2178"]
[BlackElo "2140"]
[Result "1/2-1/2"]
[PlyCount "103"]
[EventDate "2014.11.03"]

1. d4 Nf6 2. Nf3 g6 3. c4 Bg7 4. g3 c5 5. Bg2 O-O 6. O-O cxd4 7. Nxd4 Nc6 8.
Nc3 Nxd4 9. Qxd4 d6 10. Qd3 Ng4 11. b3 Bf5 12. e4 Be6 13. Bb2 Qd7 14. Qc2 Rac8
15. Rad1 b5 16. h3 Nh6 17. g4 f5 18. exf5 gxf5 19. Rfe1 Nf7 20. Nxb5 fxg4 21.
Bxg7 Kxg7 22. Qc3+ Kg8 23. Nd4 Bf5 24. Nxf5 Qxf5 25. hxg4 Qg5 26. Rd5 e5 27.
Qd2 Qxg4 28. Rd3 Kh8 29. Rg3 Qf4 30. Qxf4 exf4 31. Rd3 Rg8 32. Kf1 Rg5 33. Rd4
Rcg8 34. Bd5 Rg1+ 35. Ke2 Re8+ 36. Re4 Rxe1+ 37. Kxe1 Rxe4+ 38. Bxe4 Ne5 39.
Kf1 Kg7 40. Kg2 Kh6 41. a4 a5 42. b4 axb4 43. a5 Nxc4 44. a6 Nb6 45. a7 Kg5 46.
Bxh7 Kf6 47. Kf3 Ke5 48. Ke2 Kd4 49. Kd2 d5 50. Kc2 Kc4 51. Bd3+ Kd4 52. Bh7
1/2-1/2

[Event "LIX C.to Torinese Assoluto Finale"]
[Site "SST"]
[Date "2014.11.10"]
[Round "2"]
[White "Barletta, Mauro"]
[Black "Pepino, Enrico"]
[WhiteElo "2186"]
[BlackElo "2141"]
[Result "1/2-1/2"]
[PlyCount "82"]
[EventDate "2014.11.03"]

1. b3 d5 2. Bb2 Nf6 3. e3 e6 4. Nf3 Be7 5. c4 O-O 6. Be2 c5 7. O-O Nc6 8. cxd5
Nxd5 9. Nc3 Nf6 10. Rc1 b6 11. Qc2 Bb7 12. Ng5 h6 13. Nf3 Rc8 14. Rfd1 Qc7 15.
Qb1 Qb8 16. d3 Rfd8 17. Qa1 Rd7 18. Ne4 Ne8 19. Ng3 Bf6 20. Nh5 Bxb2 21. Qxb2
Rcd8 22. Rc4 f5 23. Nf4 Kf7 24. Nh4 Nf6 25. Nh5 Qe5 26. d4 cxd4 27. Nf3 Qa5 28.
b4 Qd5 29. Nf4 Qd6 30. b5 Ne5 31. Rcxd4 Nxf3+ 32. Bxf3 Qe7 33. Nd3 Rxd4 34.
Ne5+ Kg8 35. Rxd4 Bxf3 36. gxf3 Rxd4 37. Qxd4 Nd5 38. Nc6 Qg5+ 39. Kf1 Qh5 40.
Kg2 Qg5+ 41. Kf1 Qh5 1/2-1/2

[Event "LIX C.to Torinese Assoluto Finale"]
[Site "SST"]
[Date "2014.11.10"]
[Round "2"]
[White "Bringas Osuna, Ivan Jarek"]
[Black "Fassio, Luca"]
[WhiteElo "2140"]
[BlackElo "2088"]
[Result "1-0"]
[PlyCount "61"]
[EventDate "2014.11.03"]

1. d4 Nf6 2. c4 c5 3. d5 e6 4. Nc3 exd5 5. cxd5 d6 6. Nf3 g6 7. Nd2 Bg7 8. e4
O-O 9. Be2 Re8 10. O-O a6 11. a4 Nbd7 12. Qc2 Ne5 13. f4 Neg4 14. Nc4 Nh5 15.
Bxg4 Bxg4 16. Be3 Qe7 17. Rae1 Bxc3 18. Qxc3 b5 19. Nd2 Bd7 20. e5 b4 21. Qc2
dxe5 22. d6 Qxd6 23. Nc4 Qc6 24. fxe5 Qxa4 25. Qf2 Be6 26. Nb6 Qc6 27. Nxa8
Rxa8 28. Rd1 Qe4 29. Bxc5 Qxe5 30. Bxb4 Ng7 31. Bc3 1-0

[Event "LIX C.to Torinese Assoluto Finale"]
[Site "SST"]
[Date "2014.11.10"]
[Round "2"]
[White "Davi, Alessandro"]
[Black "Gallucci, Alessio"]
[WhiteElo "2118"]
[BlackElo "2178"]
[Result "0-1"]
[PlyCount "110"]
[EventDate "2014.11.03"]

1. d4 f5 2. g3 Nf6 3. Bg2 g6 4. c4 Bg7 5. Nc3 O-O 6. Nf3 Kh8 7. Qc2 d6 8. O-O
Nc6 9. Rd1 Qe8 10. Nd5 Qd8 11. a3 e6 12. Nf4 Qe8 13. d5 Nd8 14. dxe6 Ne4 15.
Be3 Nxe6 16. Nxe6 Bxe6 17. Bd4 Qf7 18. Rac1 Rae8 19. b4 h6 20. Qb2 Bxd4 21.
Qxd4+ Kh7 22. e3 b6 23. h4 Re7 24. Qd3 Rfe8 25. Nd4 Bd7 26. Ne2 g5 27. hxg5
hxg5 28. Nc3 Bc6 29. Nd5 Re5 30. Qd4 Kg6 31. Bf3 Rh8 32. Kg2 Nf6 33. Rh1 Rxh1
34. Rxh1 Bxd5 35. Bxd5 Nxd5 36. cxd5 Qxd5+ 37. Qxd5 Rxd5 38. Kf3 Rd3 39. Rc1 c5
40. bxc5 dxc5 41. a4 Ra3 42. Rc4 Rb3 43. a5 g4+ 44. Ke2 Rb2+ 45. Ke1 Kf6 46.
Rc3 Ke5 47. Ra3 b5 48. a6 c4 49. Ra1 c3 50. Ra3 b4 51. Ra5+ Ke4 52. Rb5 b3 53.
Rb4+ Kd3 54. Rd4+ Kc2 55. Rd7 Kb1 0-1

[Event "LIX C.to Torinese Assoluto Finale"]
[Site "SST"]
[Date "2014.11.10"]
[Round "2"]
[White "Melone, Antonio"]
[Black "Yao, Stefano"]
[WhiteElo "2107"]
[BlackElo "2178"]
[Result "1/2-1/2"]
[PlyCount "60"]
[EventDate "2014.11.03"]

1. d4 Nf6 2. c4 g6 3. Nc3 d5 4. Bg5 Ne4 5. Bh4 Nxc3 6. bxc3 dxc4 7. e3 Be6 8.
Nf3 Bg7 9. Ng5 Bd5 10. e4 h6 11. exd5 hxg5 12. Qa4+ Qd7 13. Qxd7+ Nxd7 14. Bxg5
Nb6 15. Kd2 Rh5 16. h4 Rd8 17. g4 Rh8 18. a4 Nxd5 19. Re1 Bf6 20. Bxc4 Bxg5+
21. hxg5 Rxh1 22. Rxh1 e6 23. a5 Ke7 24. Bd3 c5 25. Rb1 b6 26. axb6 axb6 27.
Be4 cxd4 28. cxd4 Rb8 29. Bxd5 exd5 30. f4 Kd6 1/2-1/2

[Event "LIX C.to Torinese Assoluto Finale"]
[Site "SST"]
[Date "2014.11.17"]
[Round "3"]
[White "Fassio, Luca"]
[Black "Melone, Antonio"]
[WhiteElo "2088"]
[BlackElo "2107"]
[Result "0-1"]
[PlyCount "79"]
[EventDate "2014.11.03"]

1. e4 c5 2. c3 d6 3. d4 Nf6 4. Bd3 Nc6 5. Nf3 e5 6. d5 Nb8 7. O-O g6 8. Nbd2
Bg7 9. b4 Nbd7 10. Re1 O-O 11. a4 Ne8 12. Nc4 h6 13. Qc2 cxb4 14. cxb4 f5 15.
Ba3 f4 16. b5 Qe7 17. Nfd2 Rf7 18. f3 Bf8 19. Nb3 Rg7 20. Rac1 g5 21. Be2 Ndf6
22. Nba5 g4 23. Nd2 h5 24. Qd3 Nh7 25. Rc2 Qh4 26. Rec1 Bd7 27. fxg4 hxg4 28.
g3 Qh6 29. Bf1 Ng5 30. Nxb7 fxg3 31. hxg3 Rh7 32. Kf2 Rf7+ 33. Ke1 Nf3+ 34. Kd1
Nxd2 35. Rxd2 Rf3 36. Qe2 Rxa3 37. Na5 Rxg3 38. Nc4 Qh1 39. Ne3 Bh6 40. Nc4 0-1

[Event "LIX C.to Torinese Assoluto Finale"]
[Site "SST"]
[Date "2014.11.17"]
[Round "3"]
[White "Gallucci, Alessio"]
[Black "Bringas Osuna, Ivan Jarek"]
[WhiteElo "2178"]
[BlackElo "2140"]
[Result "1/2-1/2"]
[PlyCount "186"]
[EventDate "2014.11.03"]

1. e4 c5 2. Nf3 d6 3. d4 cxd4 4. Nxd4 Nf6 5. f3 e5 6. Bb5+ Bd7 7. Bxd7+ Qxd7 8.
Nf5 d5 9. Bg5 d4 10. Bxf6 gxf6 11. O-O Nc6 12. c3 O-O-O 13. Kh1 Kb8 14. a3 Ne7
15. Nxe7 Qxe7 16. cxd4 Rxd4 17. Qe1 Bh6 18. Qg3 Qf8 19. Nc3 Rd2 20. Qh3 Rg8 21.
g3 Be3 22. Nd5 Rg6 23. Qd7 Bd4 24. Rac1 a6 25. Rc7 Rxh2+ 26. Kxh2 Qh6+ 27. Qh3
Qd2+ 28. Kh1 Rh6 29. Qxh6 Qxh6+ 30. Kg2 Qd2+ 31. Kh3 Qe2 32. Rcc1 Bxb2 33. Rce1
Qd2 34. Re3 f5 35. Rfe1 Bd4 36. R3e2 Qd3 37. Kg2 fxe4 38. fxe4 Qxa3 39. Rd1 a5
40. Rdd2 Qb3 41. Ne7 a4 42. Rc2 a3 43. Red2 Qe3 44. Re2 Qg1+ 45. Kh3 Bb2 46.
Kg4 a2 47. Nc6+ bxc6 48. Rxb2+ Kc7 49. Rxa2 Kd6 50. Rh2 Qd1+ 51. Rae2 c5 52.
Kf5 Ke7 53. Rd2 Qf3+ 54. Kxe5 Qxg3+ 55. Kd5 Qc3 56. Kc6 c4 57. Rhf2 Qh3 58. e5
h5 59. Kc5 c3 60. Rde2 h4 61. Kd4 Qg3 62. Rg2 Qf3 63. Rgf2 Qg3 64. Rg2 Qf3 65.
Rgf2 Qc6 66. Ra2 h3 67. Ra7+ Ke8 68. Raa2 Kf8 69. Rac2 Kg7 70. Rfe2 Kg6 71.
Rxc3 Qa4+ 72. Kd3 Qb5+ 73. Kd2 Qd5+ 74. Rd3 Qa2+ 75. Ke3 Qa5 76. Kf4 Qa4+ 77.
Re4 Qc2 78. Rg3+ Kh6 79. Rxh3+ Kg7 80. Rg3+ Kf8 81. Ree3 Ke7 82. Rgf3 Qh2+ 83.
Ke4 Qc2+ 84. Kd4 Qa4+ 85. Kd3 Qb3+ 86. Ke2 Qc2+ 87. Kf1 Qb1+ 88. Kg2 Qg6+ 89.
Kf2 Qc2+ 90. Re2 Qc5+ 91. Kg2 Qc4 92. Ref2 Qg4+ 93. Kf1 Qc4+ 1/2-1/2

[Event "LIX C.to Torinese Assoluto Finale"]
[Site "SST"]
[Date "2014.11.17"]
[Round "3"]
[White "Pepino, Enrico"]
[Black "Davi, Alessandro"]
[WhiteElo "2141"]
[BlackElo "2118"]
[Result "1/2-1/2"]
[PlyCount "90"]
[EventDate "2014.11.03"]

1. e4 c5 2. Nf3 Nc6 3. d4 cxd4 4. Nxd4 e5 5. Nb5 d6 6. N1c3 a6 7. Na3 Be7 8.
Nc4 b5 9. Ne3 Nf6 10. g3 h5 11. h3 Rb8 12. Bg2 Nd4 13. Ncd5 Nxd5 14. Nxd5 Bb7
15. c3 Bxd5 16. exd5 Nf5 17. a4 b4 18. Qd3 bxc3 19. bxc3 Qc8 20. O-O g6 21. Ba3
Rb3 22. Bb4 O-O 23. Rab1 Rxb1 24. Rxb1 Qa8 25. a5 Rb8 26. Ba3 Rxb1+ 27. Qxb1
Bd8 28. Bb4 Bc7 29. Qd3 Ne7 30. g4 hxg4 31. hxg4 Qc8 32. Qc4 Kg7 33. Bf3 Qb7
34. Kf1 f6 35. Qd3 Qc8 36. Ke1 Qb7 37. Kd2 Qc8 38. Kc1 Qb7 39. Kc2 f5 40. gxf5
gxf5 41. Bg2 Kf7 42. Qh3 Qb5 43. Qh5+ Kg7 44. Qg5+ Kf7 45. Qh5+ Kg7 1/2-1/2

[Event "LIX C.to Torinese Assoluto Finale"]
[Site "SST"]
[Date "2014.11.17"]
[Round "3"]
[White "Yao, Stefano"]
[Black "Barletta, Mauro"]
[WhiteElo "2178"]
[BlackElo "2186"]
[Result "1-0"]
[PlyCount "79"]
[EventDate "2014.11.03"]

1. d4 e6 2. Nc3 d5 3. e4 Nf6 4. Bg5 dxe4 5. Nxe4 Be7 6. Bxf6 gxf6 7. Nf3 b6 8.
Bb5+ c6 9. Bc4 Bb7 10. Qe2 Qc7 11. O-O-O Nd7 12. Kb1 O-O-O 13. Ba6 Rhg8 14. g3
Bxa6 15. Qxa6+ Kb8 16. Qc4 h5 17. Rhe1 Rc8 18. Qb3 f5 19. Ned2 c5 20. d5 c4 21.
Qxc4 Nc5 22. dxe6 Rg4 23. Qc3 fxe6 24. Nb3 Ne4 25. Qxc7+ Rxc7 26. Re2 Bf6 27.
Nfd4 Rg8 28. Nxe6 Re7 29. Ned4 Kb7 30. f3 Ng5 31. Rxe7+ Bxe7 32. Nxf5 Bf6 33.
f4 Nf3 34. Rd7+ Ka6 35. a4 Nxh2 36. Rd6 Rf8 37. Nc5+ Ka5 38. Nd7 Re8 39. Nxf6
Re1+ 40. Ka2 1-0